|
|
|
|
| LEADER |
00000nam0a2200000 4500 |
| 001 |
118893 |
| 005 |
20231031124341.0 |
| 020 |
|
|
|a RU
|b 93-7596
|
| 035 |
|
|
|a (RuTPU)RU\TPU\book\128659
|
| 090 |
|
|
|a 118893
|
| 100 |
|
|
|a 20070619d1993 c y0rusy5003 ca
|
| 101 |
1 |
|
|a rus
|c cze
|
| 102 |
|
|
|a RU
|
| 105 |
|
|
|a a z 000ay
|
| 200 |
1 |
|
|a Сказки тысячи и одной ночи
|e Для детей
|f пер. с чеш. Т. Сарана; худож. Р. В. Халилов
|
| 210 |
|
|
|a Москва
|c Полиграфресурсы
|d 1993
|
| 215 |
|
|
|a 88,[2] с.
|c ил., цв. ил.
|d 28 см
|
| 610 |
1 |
|
|a детская литература
|
| 610 |
1 |
|
|a арабские сказки
|
| 675 |
|
|
|a 892.7
|z rus
|v 3
|
| 702 |
|
1 |
|a Сарана
|b Т.
|4 730
|
| 702 |
|
1 |
|a Халилов
|b Р. В.
|4 440
|
| 801 |
|
0 |
|a RU
|b RuMRKP
|c 19950413
|g psbo
|
| 801 |
|
1 |
|a RU
|b 63413507
|c 20070619
|g PSBO
|
| 801 |
|
2 |
|a RU
|b 63413507
|c 20070906
|g PSBO
|
| 942 |
|
|
|c BK
|